Music Quiz

Random Music Quiz

Rock Royalty Quiz Stats

 Plays Quiz not verified by Sporcle

Challenge
Share
Tweet
Embed
Score 0/18 Timer 03:00
0 Plays Today
Popular Songs Band % Correct
Bohemian Rhapsody, We Will Rock YouQUEEN
95.8%
Thriller, Man in the MirrorMichael JACKson
87.3%
Little Red Corvette, When Doves CryPRINCE
84.5%
Use Somebody, Sex On FireKINGs of Leon
76.1%
Mr. Jones, Accidentally in LoveCOUNTing Crows
57.7%
Rhythm Nation, NastyJanet JACKson
47.9%
Midnight Train to Georgia, If I Were Your WomanGladys KNIGHT and the Pips
46.5%
Sumertime, Parents Just Don't UnderstandDJ Jazzy Jeff and the Fresh PRINCE
43.7%
Unforgettable, When I Fall in LoveNat KING Cole
42.3%
Popular Songs Band % Correct
Silent Lucidity, Jet City WomanQUEENsryche
38%
Running On Empty, Somebody's BabyJACKson Browne
38%
No One Knows, Little SisterQUEENs of the Stone Age
35.2%
It's Five O'Clock Somewhere, Remember WhenAlan JACKson
28.2%
U.N.I.T.Y., When You're Good to MamaQUEEN Latifah
19.7%
Better Together, Banana PancakesJACK Johnson
19.7%
Fire Burning, Eenie MeenieSean KINGston
9.9%
It Don't Mean a Thing (If It Aint Got That Swing)DUKE Ellington
9.9%
Copperhead Road, The Galway GirlSteve EARLe
8.5%

You're not logged in!

Compare scores with friends on all Sporcle quizzes.
Join for Free
OR
Log In

You Might Also Like...

Show Comments

Extras

Created Aug 16, 2010ReportFavoriteNominate
Tags:royalty

Top Quizzes Today


Score Distribution

Your Account Isn't Verified!

In order to create a playlist on Sporcle, you need to verify the email address you used during registration. Go to your Sporcle Settings to finish the process.

Report this User

Report this user for behavior that violates our Community Guidelines.

Details: